00553nam a22001937a 450000500170000000800410001701000100005801100100006803500100007824500680008826000510015630000090020749000340021650000110025065000260026165000160028770000220030383000340032520220817041316.0971013s1943 r 00010 d a10962 a11934 a12657 aPreventing damage to commercial dried fruits by the raisin moth aWashington :bDepartment of Agriculture,c1943 a6 p. aEUA. Dep. Agr. Leafletv; 236 a78-24214aEphestia figulilella.14aFruta seca.0 aDonohoc, Heber C.0 aEUA. Dep. Agr. Leafletv; 236